Presencia de Puerto Rico en la historia de Cuba (Record no. 99107)

MARC details
000 -LEADER
campo de control de longitud fija 00750nam a2200217 i 4500
001 - NÚMERO DE CONTROL
campo de control 99107
003 - IDENTIFICADOR DE NÚMERO DE CONTROL
campo de control ES-MaACL
005 - FECHA Y HORA DE LA ÚLTIMA TRANSACCIÓN
campo de control 20230906182435.0
007 - CAMPO FIJO DE DESCRIPCIÓN FÍSICA--INFORMACIÓN GENERAL
campo de control de longitud fija t|
008 - DATOS DE LONGITUD FIJA--INFORMACIÓN GENERAL
campo de control de longitud fija 051121s1975 pr ||||1| spa d
080 ## - NÚMERO DE LA CLASIFICACIÓN DECIMAL UNIVERSAL
Número de la Clasificación Decimal Universal 327(729.1:729.5)
080 ## - NÚMERO DE LA CLASIFICACIÓN DECIMAL UNIVERSAL
Número de la Clasificación Decimal Universal 327(729.5:729.1)
100 1# - ENTRADA PRINCIPAL--NOMBRE DE PERSONA
Nombre de persona Freire, Joaquín.
9 (RLIN) 52458
245 10 - MENCIÓN DEL TÍTULO
Título Presencia de Puerto Rico en la historia de Cuba
Resto del título : (una aportación al estudio de la historia antillana) /
Mención de responsabilidad, etc. Joaquín Freire.
250 ## - MENCION DE EDICION
Mención de edición 2ª ed.
260 ## - PUBLICACIÓN, DISTRIBUCIÓN, ETC.
Lugar de publicación, distribución, etc. San Juan, Puerto Rico :
Nombre del editor, distribuidor, etc. Instituto de Cultura Puertorriqueña,
Fecha de publicación, distribución, etc. 1975.
300 ## - DESCRIPCIÓN FÍSICA
Extensión 211 p. :
Otras características físicas il. ;
Dimensiones 22 cm.
651 #4 - PUNTO DE ACCESO ADICIONAL DE MATERIA--NOMBRE GEOGRÁFICO
Nombre geográfico Cuba-
Subdivisión general Relaciones-
Subdivisión geográfica Puerto Rico.
9 (RLIN) 8117
651 #4 - PUNTO DE ACCESO ADICIONAL DE MATERIA--NOMBRE GEOGRÁFICO
Nombre geográfico Puerto Rico-
Subdivisión general Relaciones-
Subdivisión geográfica Cuba.
9 (RLIN) 9288
852 ## - LOCALIZACIÓN
Ubicación ES-MaACL
Número de control de estantería E-11076
Sublocalización o colección R.136725
Holdings
Estatus retirado Estado de pérdida Estado de daño No para préstamo Biblioteca de origen Biblioteca actual Ubicación en estantería Fecha de adquisición Fuente de adquisición Total de préstamos Signatura topográfica completa Código de barras Visto por última vez Precio de reemplazo Tipo de ítem Koha
        Biblioteca del Ateneo de Madrid Biblioteca del Ateneo de Madrid Depósito 2 17/01/2008     E-11076 1103469 23/02/2023 23/02/2023 Libro impreso